000 00609nam a2200205 a 4500
001 000012421
005 20240412074232.0
008 091112s1986 dr 000 m spa d
040 _aDO-SdBNP
_bspa
_cBNPHU
082 _aRD863.44
_bI32i
100 1 _aImbert, Carmen
_929123
245 1 0 _aInfidencias /
_cCarmen Imbert.
260 _aSanto Domingo :
_bAlfa & Omega,
_c1986.
300 _a73 p. ;
_c20 cm.
590 _aInventariado, 2020 /LP
650 4 _aCuentos dominicana
_929124
650 0 _aPoesía dominicana
_966
650 0 _aLiteratura dominicana.
_967
910 _aValidado. Control de calidad MFF
999 _c12078
_d12078